Central Library OPAC University of Rajshahi

Literature of the Western world / (Record no. 76577)

MARC details
000 -LEADER
fixed length control field 01089nam a2200337 a 4500
001 - CONTROL NUMBER
control field 76577
003 - CONTROL NUMBER IDENTIFIER
rucl marc code BD-RjUL
005 - DATE AND TIME OF LATEST TRANSACTION
control field 20211209082848.0
008 - FIXED-LENGTH DATA ELEMENTS--GENERAL INFORMATION
fixed length control field 191222s1988 nyu b 001 0 eng
020 ## - INTERNATIONAL STANDARD BOOK NUMBER
International Standard Book Number 0024276707 (pbk. : v. 1)
International Standard Book Number 0024276804 (pbk. : v. 2)
Canceled/invalid ISBN 0024278106 (v. 2)
International Standard Book Number 0024278009 (hard : v. 1)
International Standard Book Number 0024278106 (hard : v. 2)
035 ## - SYSTEM CONTROL NUMBER
System control number (BD-RjUL)76801
040 ## - CATALOGING SOURCE
Original cataloging agency DLC
Transcribing agency DLC
Modifying agency DLC
-- BD-RjUL
Language of cataloging eng
041 ## - LANGUAGE CODE
Language code of text/sound track or separate title eng
082 00 - DEWEY DECIMAL CLASSIFICATION NUMBER
Edition number 19
Classification number 808.8
Author mark and year LIT 1988
245 00 - TITLE STATEMENT
Title Literature of the Western world /
Statement of responsibility, etc. [compiled by] Brian Wilkie, James Hurt.
250 ## - EDITION STATEMENT
Edition statement 2nd ed.
260 ## - PUBLICATION, DISTRIBUTION, ETC. (IMPRINT)
Place of publication, distribution, etc. New York :
Name of publisher, distributor, etc. Macmillan,
Date of publication, distribution, etc. c1988.
300 ## - PHYSICAL DESCRIPTION
Pagination 2 v. ;
Size 24 cm.
504 ## - BIBLIOGRAPHY, ETC. NOTE
Bibliography, etc Includes bibliographies and index.
505 0# - FORMATTED CONTENTS NOTE
Formatted contents note v. 1. The ancient world through the Renaissance -- v. 2. Neoclassicism through the modern period.
650 #0 - SUBJECT ADDED ENTRY--TOPICAL TERM
Topical term or geographic name as entry element Literature
General subdivision Collections.
9 (RLIN) 236742
700 1# - ADDED ENTRY--PERSONAL NAME
Personal name Wilkie, Brian,
Dates associated with a name 1929-
Personal name Hurt, James,
Dates associated with a name 1934-
942 ## - ADDED ENTRY ELEMENTS (KOHA)
Source of classification or shelving scheme Dewey Decimal Classification
Koha item type Books
Holdings
Lost status Source of classification or shelving scheme Damaged status Not for loan Collection code Permanent Location Current Location Shelving location Date acquired Source of acquisition Total Checkouts Full call number Date last seen Copy number Koha item type
  Dewey Decimal Classification   Not For Loan Non-fiction Central Library, University of Rajshahi Central Library, University of Rajshahi Reading Room 07/08/1993 Asia Foundation   808.8 LIT V-2 1988 22/12/2019 C-1 Books